[Event "HUN-chT2 Breyer 1516"]
[Site "Hungary"]
[Date "2015.11.08"]
[Round "4.6"]
[White "Furesz, Jozsef"]
[Black "Laszlo, Imre"]
[Result "0-1"]
[WhiteElo "1914"]
[BlackElo "2109"]
[PlyCount "120"]
[EventDate "2015.09.13"]
[EventType "team-tourn"]
[EventRounds "11"]
[EventCountry "HUN"]
[SourceTitle "CBM 170 Extra"]
[Source "ChessBase"]
[SourceDate "2016.02.25"]
[SourceVersion "1"]
[SourceVersionDate "2016.02.25"]
[SourceQuality "1"]
[WhiteTeam "Turul"]
[BlackTeam "Naszaly Geniusz Tata"]
[WhiteTeamCountry "HUN"]
[BlackTeamCountry "HUN"]

1. d4 g6 2. c4 Bg7 3. Nc3 d6 4. e4 Nc6 5. Be3 e5 6. dxe5 Nxe5 7. Be2 Nf6 8. Nf3 Nfg4 9. Bd4 c5 10. Bxe5 Nxe5 11. 0-0 Nxf3+ 12. Bxf3 0-0 13. Qd2 a6 14. Rad1 Bd4 15. Ne2 Be5 16. Ng3 b5 17. Be2 Be6 18. b3 Rb8 19. f4 Bd4+ 20. Kh1 f5 21. exf5 Bxf5 22. Bf3 Rb6 23. Ne2 Bg7 24. Ng3 Kh8 25. Nxf5 Rxf5 26. g4 Rf8 27. Bd5 bxc4 28. Bxc4 Bd4 29. Qg2 a5 30. Qd5 Qa8 31. f5 Qxd5+ 32. Bxd5 Rbb8 33. h4 gxf5 34. Rxf5 Rxf5 35. gxf5 Kg7 36. Kg2 Kf6 37. Kf3 Kxf5 38. Be4+ Kf6 39. Kg4 Kg7 40. Rd2 Re8 41. Bc6 Re5 42. Rg2 Kf6 43. Rd2 h5+ 44. Kf3 Re3+ 45. Kg2 Re1 46. Bf3 Re5 47. Re2 Be3 48. Bxh5 Rxh5 49. Rxe3 Rxh4 50. a4 Rf4 51. Rh3 Ke5 52. Rh8 d5 53. Ra8 d4 54. Rxa5 Kd6 55. Kg3 Rf7 56. Ra6+ Kd5 57. Rg6 d3 58. Rg5+ Kd4 59. Rg4+ Ke3 60. Rg6 d2 0-1

[Event "HUN-chT2 Breyer 1516"]
[Site "Hungary"]
[Date "2015.09.13"]
[Round "1.5"]
[White "Furesz, Jozsef"]
[Black "Toth, Gyula"]
[Result "0-1"]
[WhiteElo "1914"]
[BlackElo "2007"]
[PlyCount "62"]
[EventDate "2015.09.13"]
[EventType "team-tourn"]
[EventRounds "11"]
[EventCountry "HUN"]
[SourceTitle "CBM 170 Extra"]
[Source "ChessBase"]
[SourceDate "2016.02.25"]
[SourceVersion "1"]
[SourceVersionDate "2016.02.25"]
[SourceQuality "1"]
[WhiteTeam "Turul"]
[BlackTeam "Nyergesujfalu"]
[WhiteTeamCountry "HUN"]
[BlackTeamCountry "HUN"]

1. d4 d5 2. c4 c6 3. cxd5 cxd5 4. Bf4 Nc6 5. Nc3 Nf6 6. e3 e6 7. Nf3 Bd6 8. Bd3 0-0 9. 0-0 Bxf4 10. exf4 Qb6 11. Na4 Qb4 12. a3 Qd6 13. Ne5 Nxd4 14. Bxh7+ Kxh7 15. Qxd4 b6 16. Rfc1 Bb7 17. Rc3 Kg8 18. g4 Rfc8 19. Rac1 Ne4 20. Rxc8+ Rxc8 21. Rxc8+ Bxc8 22. Nc3 Nxc3 23. Qxc3 Bb7 24. b4 d4 25. Qd2 Qd5 26. f3 f6 27. Ng6 Qxf3 28. f5 Qxg4+ 29. Kf1 Qxf5+ 30. Ke1 Qxg6 31. Qxd4 Qe4+ 0-1

[Event "HUN-chT2 Breyer 1415"]
[Site "Hungary"]
[Date "2015.04.26"]
[Round "?"]
[White "Furesz, Jozsef"]
[Black "Bereczki, Istvan"]
[Result "0-1"]
[WhiteElo "1975"]
[BlackElo "2121"]
[PlyCount "70"]
[EventDate "2014.09.07"]
[EventType "team-tourn"]
[EventRounds "11"]
[EventCountry "HUN"]
[SourceTitle "EXT 2016"]
[Source "ChessBase"]
[SourceDate "2015.10.08"]
[SourceVersion "1"]
[SourceVersionDate "2015.10.08"]
[SourceQuality "1"]
[WhiteTeam "Turul"]
[BlackTeam "Szazhalombatta"]
[WhiteTeamCountry "HUN"]
[BlackTeamCountry "HUN"]

1. e4 c5 2. Nf3 Nc6 3. d4 cxd4 4. Nxd4 Nf6 5. Nc3 d6 6. Nxc6 bxc6 7. Bc4 e6 8. 0-0 Be7 9. f4 d5 10. Bd3 0-0 11. e5 Nd7 12. Rf3 g6 13. Rh3 Qb6+ 14. Kh1 Ba6 15. Na4 Qa5 16. c4 dxc4 17. Bxg6 hxg6 18. f5 Qd5 19. Bd2 exf5 20. Bc3 f6 21. Qe1 fxe5 22. Rd1 Qe6 23. Qd2 Nf6 24. Re1 Ne4 25. Qh6 Nf2+ 26. Kg1 Nxh3+ 27. Qxh3 Bd6 28. Re3 Bb5 29. b3 Bxa4 30. bxa4 Bc5 31. Kf1 Bxe3 32. Qxe3 Rad8 33. Qh6 c5 34. Bxe5 Qxe5 35. Qxg6+ Qg7 0-1

[Event "HUN-chT2 Breyer 1415"]
[Site "Hungary"]
[Date "2015.03.22"]
[Round "?"]
[White "Gombocz, Zsolt"]
[Black "Furesz, Jozsef"]
[Result "1-0"]
[WhiteElo "2064"]
[BlackElo "1975"]
[PlyCount "81"]
[EventDate "2014.09.07"]
[EventType "team-tourn"]
[EventRounds "11"]
[EventCountry "HUN"]
[SourceTitle "EXT 2016"]
[Source "ChessBase"]
[SourceDate "2015.10.08"]
[SourceVersion "1"]
[SourceVersionDate "2015.10.08"]
[SourceQuality "1"]
[WhiteTeam "MAFC"]
[BlackTeam "Turul"]
[WhiteTeamCountry "HUN"]
[BlackTeamCountry "HUN"]

1. d4 g6 2. Nf3 Bg7 3. c4 d6 4. Nc3 a6 5. h3 Nd7 6. Bg5 c5 7. e3 Ngf6 8. Be2 0-0 9. 0-0 h6 10. Bf4 b6 11. d5 Bb7 12. e4 Nh5 13. Bh2 Qc7 14. Nd2 Nhf6 15. f4 e5 16. f5 Nh7 17. g4 Ng5 18. h4 Nh3+ 19. Kg2 Nf4+ 20. Bxf4 exf4 21. Rxf4 Be5 22. Rf1 Qd8 23. Kh3 Qf6 24. Qc1 g5 25. h5 Bf4 26. Qc2 Rfe8 27. Rad1 Qe5 28. Nf3 Qg7 29. Bd3 Ne5 30. Nxe5 Qxe5 31. Ne2 b5 32. Nxf4 gxf4 33. Rde1 bxc4 34. Bxc4 a5 35. b3 Ba6 36. Bxa6 Rxa6 37. Qd2 Ra7 38. Rxf4 Ra6 39. Rf3 Qg7 40. f6 Rxe4 41. Rxe4 1-0

[Event "HUN-chT2 Breyer 1415"]
[Site "Hungary"]
[Date "2014.11.30"]
[Round "?"]
[White "Furesz, Jozsef"]
[Black "Teglas, Balazs"]
[Result "0-1"]
[WhiteElo "1975"]
[BlackElo "2255"]
[PlyCount "70"]
[EventDate "2014.09.07"]
[EventType "team-tourn"]
[EventRounds "11"]
[EventCountry "HUN"]
[SourceTitle "EXT 2016"]
[Source "ChessBase"]
[SourceDate "2015.10.08"]
[SourceVersion "1"]
[SourceVersionDate "2015.10.08"]
[SourceQuality "1"]
[WhiteTeam "Turul"]
[BlackTeam "Hobagoly"]
[WhiteTeamCountry "HUN"]
[BlackTeamCountry "HUN"]

1. d4 Nf6 2. c4 e6 3. Nc3 c5 4. d5 exd5 5. cxd5 d6 6. e4 a6 7. a4 Nbd7 8. Bd3 Ne5 9. Be2 Qe7 10. Bg5 h6 11. Bh4 g5 12. Bg3 Bg7 13. Nf3 Nfd7 14. Nd2 Ng6 15. a5 Nde5 16. Na4 0-0 17. Nb6 Rb8 18. 0-0 Nf4 19. Nbc4 Nxc4 20. Nxc4 Qxe4 21. Bxf4 Qxf4 22. g3 Qf6 23. Bg4 Re8 24. Bxc8 Rbxc8 25. Qg4 Rc7 26. Rae1 Rce7 27. Rxe7 Qxe7 28. f4 Qe4 29. Qf3 Qxc4 30. fxg5 Qd4+ 31. Kg2 Qe4 32. gxh6 Bxh6 33. Kh3 Qxf3 34. Rxf3 Re4 35. g4 Re3 0-1

[Event "HUN-chT2 Breyer 1213"]
[Site "Hungary"]
[Date "2012.11.04"]
[Round "3.5"]
[White "Furesz, Jozsef"]
[Black "Rosta, Sandor"]
[Result "0-1"]
[WhiteElo "2010"]
[BlackElo "2132"]
[PlyCount "132"]
[EventDate "2012.09.16"]
[EventType "team-tourn"]
[EventRounds "11"]
[EventCountry "HUN"]
[SourceTitle "EXT 2014"]
[Source "ChessBase"]
[SourceDate "2013.11.20"]
[SourceVersion "1"]
[SourceVersionDate "2013.11.20"]
[SourceQuality "1"]
[WhiteTeam "Turul"]
[BlackTeam "Szazhalombatta"]
[WhiteTeamCountry "HUN"]
[BlackTeamCountry "HUN"]

1. d4 Nf6 2. c4 c5 3. d5 b5 4. cxb5 e6 5. Nc3 exd5 6. Bg5 Bb7 7. e3 Be7 8. Nf3 0-0 9. Be2 a6 10. a4 axb5 11. axb5 d6 12. 0-0 Nbd7 13. Qc2 Qc7 14. Rfd1 Rxa1 15. Rxa1 Ra8 16. Rxa8+ Bxa8 17. Qa4 Bb7 18. Qa7 Qb6 19. Qa3 h6 20. Bh4 Qd8 21. Qa7 Qa8 22. b6 Bd8 23. Nb5 Bxb6 24. Qxa8+ Bxa8 25. Nxd6 Ne4 26. Be7 Nxd6 27. Bxd6 f6 28. Bb5 Nf8 29. Kf1 Kf7 30. Ke2 Ne6 31. Bd7 Bb7 32. Bb5 g5 33. h3 Nc7 34. Bd3 Ne8 35. Bb8 Ke6 36. g4 Nd6 37. Nd2 Bc6 38. f3 Be8 39. f4 Bc6 40. f5+ Ke7 41. Bxd6+ Kxd6 42. e4 Bc7 43. exd5 Bxd5 44. Ne4+ Bxe4 45. Bxe4 Ke5 46. Bd3 Bb6 47. Kf3 Kd4 48. Bc2 c4 49. Ke2 Bc7 50. Kf2 Bf4 51. Ke2 Bc1 52. b3 Kc3 53. Kd1 cxb3 54. Be4 Bf4 55. Ke2 Kb2 56. Kd3 Ka1 57. Kd4 b2 58. Kd5 b1Q 59. Bxb1 Kxb1 60. Ke6 Be5 61. Kf7 Kc2 62. Kg6 Kd2 63. Kxh6 Ke3 64. Kh5 Kf3 65. h4 gxh4 66. Kxh4 Bf4 0-1

[Event "HUN-chT2 Breyer 1112"]
[Site "Hungary"]
[Date "2012.03.11"]
[Round "7.5"]
[White "Furesz, Jozsef"]
[Black "Szabo, Laszlo2"]
[Result "0-1"]
[WhiteElo "2038"]
[BlackElo "2069"]
[PlyCount "106"]
[EventDate "2011.09.25"]
[EventType "team-tourn"]
[EventRounds "11"]
[EventCountry "HUN"]
[SourceTitle "EXT 2013"]
[Source "ChessBase"]
[SourceDate "2012.11.22"]
[SourceVersion "1"]
[SourceVersionDate "2012.11.22"]
[SourceQuality "1"]
[WhiteTeam "Turul"]
[BlackTeam "Gyor Komszomol"]
[WhiteTeamCountry "HUN"]
[BlackTeamCountry "HUN"]

1. d4 Nf6 2. c4 g6 3. Nc3 Bg7 4. e4 d6 5. Nf3 0-0 6. h3 c6 7. Be3 Nbd7 8. Bd3 e5 9. d5 c5 10. Qd2 Qa5 11. Bh6 a6 12. 0-0 Re8 13. a3 Qc7 14. b4 b6 15. b5 a5 16. Ne2 Nf8 17. Ng3 Kh8 18. Rae1 Ng8 19. Bxg7+ Kxg7 20. h4 Qe7 21. h5 Nh6 22. Nh2 Qh4 23. hxg6 hxg6 24. Nf3 Qf6 25. Ng5 Nh7 26. Nxh7 Kxh7 27. f3 Rh8 28. f4 exf4 29. Rxf4 Qe5 30. Qf2 Ra7 31. Rf1 Rf8 32. Ne2 Bg4 33. Qg3 Bxe2 34. Bxe2 Kg7 35. Qf2 f6 36. Rh4 Re7 37. Bf3 Qd4 38. Qxd4 cxd4 39. Rd1 g5 40. Rh3 g4 41. Rg3 f5 42. Rxd4 f4 43. Rxg4+ Nxg4 44. Bxg4 Kf6 45. c5 bxc5 46. Rc4 Rh7 47. Kf2 Rh1 48. Ra4 Ke5 49. Rxa5 Rb1 50. Bf3 c4 51. Ra4 Rc8 52. Be2 c3 53. Bd3 c2 0-1

[Event "HUN-chT2 Breyer 1011"]
[Site "Hungary"]
[Date "2011.05.01"]
[Round "10.6"]
[White "Furesz, Jozsef"]
[Black "Kollner, Odon"]
[Result "1/2-1/2"]
[WhiteElo "2002"]
[BlackElo "2095"]
[PlyCount "138"]
[EventDate "2010.09.12"]
[EventType "team-tourn"]
[EventRounds "11"]
[EventCountry "HUN"]
[SourceTitle "EXT 2012"]
[Source "ChessBase"]
[SourceDate "2011.11.24"]
[SourceVersion "1"]
[SourceVersionDate "2011.11.24"]
[SourceQuality "1"]
[WhiteTeam "Turul"]
[BlackTeam "Sarkany"]
[WhiteTeamCountry "HUN"]
[BlackTeamCountry "HUN"]

1. d4 Nf6 2. c4 c5 3. d5 b5 4. Nd2 g6 5. e4 d6 6. Bd3 Bg7 7. Ne2 Ng4 8. 0-0 Ne5 9. Bc2 Nxc4 10. Nxc4 bxc4 11. Rb1 0-0 12. Bd2 Nd7 13. f4 Bb7 14. Nc3 e6 15. a4 exd5 16. exd5 f5 17. Qe2 Qf6 18. Kh1 Nb6 19. a5 Rae8 20. Qf3 Nxd5 21. Nxd5 Qf7 22. Ba4 Rc8 23. Bc3 Bxd5 24. Qd1 Rfd8 25. Bxg7 Kxg7 26. b3 cxb3 27. Bxb3 Bxb3 28. Rxb3 d5 29. a6 Rb8 30. Qa1+ Kg8 31. Qa5 c4 32. Rb7 Qf6 33. Rxa7 Qb6 34. Qxb6 Rxb6 35. h4 c3 36. Rc7 Rxa6 37. Rxc3 d4 38. Rd3 Re6 39. Kg1 Re4 40. g3 Rc8 41. Rfd1 Rc4 42. Kf2 Kg7 43. R1d2 Kf6 44. Ra2 h6 45. Ra6+ Re6 46. Ra5 Rd6 47. Ra2 g5 48. Re2 gxf4 49. gxf4 Rc3 50. Red2 Rxd3 51. Rxd3 Kg6 52. Kg3 Kh5 53. Kh3 Re6 54. Rxd4 Re3+ 55. Kg2 Kxh4 56. Kh2 Rh3+ 57. Kg2 Kg4 58. Rd6 Rh4 59. Rd4 h5 60. Ra4 Rh3 61. Ra8 Rg3+ 62. Kh2 Rf3 63. Rg8+ Kxf4 64. Rh8 Kg4 65. Rg8+ Kh4 66. Kg2 Rf4 67. Rf8 Rg4+ 68. Kf2 Kg5 69. Rg8+ Kf6 1/2-1/2

[Event "HUN-chT2 Breyer 1011"]
[Site "Hungary"]
[Date "2010.09.12"]
[Round "1.8"]
[White "Furesz, Jozsef"]
[Black "Makay, Andor"]
[Result "1-0"]
[WhiteElo "2002"]
[BlackElo "1875"]
[PlyCount "81"]
[EventDate "2010.09.12"]
[EventType "team-tourn"]
[EventRounds "11"]
[EventCountry "HUN"]
[SourceTitle "EXT 2012"]
[Source "ChessBase"]
[SourceDate "2011.11.24"]
[SourceVersion "1"]
[SourceVersionDate "2011.11.24"]
[SourceQuality "1"]
[WhiteTeam "Turul"]
[BlackTeam "Vizugy"]
[WhiteTeamCountry "HUN"]
[BlackTeamCountry "HUN"]

1. d4 d5 2. c4 e6 3. Nc3 c6 4. Nf3 Be7 5. Bf4 h6 6. e3 a6 7. a4 Nf6 8. Bd3 Nbd7 9. 0-0 Nh5 10. Be5 Nhf6 11. Bg3 Nh5 12. c5 Nxg3 13. hxg3 0-0 14. b4 b6 15. Qe2 a5 16. b5 cxb5 17. c6 Nb8 18. axb5 Qc7 19. Ne5 Bd6 20. f4 Ra7 21. Qh5 f5 22. g4 Bxe5 23. fxe5 Qf7 24. Qxf7+ Raxf7 25. gxf5 Rc7 26. e4 Nxc6 27. bxc6 Rxc6 28. Rac1 exf5 29. exd5 Rg6 30. e6 Rgf6 31. Rce1 Re8 32. Rxf5 Re7 33. Rxf6 gxf6 34. d6 Rxe6 35. Bc4 Kf7 36. Bxe6+ Bxe6 37. d5 Bg4 38. Re7+ Kf8 39. Ne4 f5 40. Nf6 Bd1 41. Nh7+ 1-0

[Event "HUN-chT2 Breyer 0910"]
[Site "Hungary"]
[Date "2010.02.28"]
[Round "7"]
[White "Kiss, Kinga"]
[Black "Furesz, Jozsef"]
[Result "1-0"]
[WhiteElo "2129"]
[BlackElo "2050"]
[PlyCount "71"]
[EventDate "2009.11.08"]
[EventType "team-tourn"]
[EventRounds "11"]
[EventCountry "HUN"]
[SourceTitle "EXT 2011"]
[Source "ChessBase"]
[SourceDate "2010.11.26"]
[SourceVersion "1"]
[SourceVersionDate "2010.11.26"]
[SourceQuality "1"]
[WhiteTeam "Geniusz Tata"]
[BlackTeam "Turul"]
[WhiteTeamCountry "HUN"]
[BlackTeamCountry "HUN"]

1. e4 g6 2. d4 Bg7 3. Nc3 d6 4. Be3 c6 5. Qd2 a6 6. f3 b5 7. g4 Nd7 8. h4 h6 9. Nce2 Nb6 10. Ng3 Nc4 11. Bxc4 bxc4 12. h5 g5 13. N1e2 Rb8 14. c3 Nf6 15. Nf5 Bf8 16. Bf2 e6 17. Ne3 d5 18. e5 Nd7 19. Bg3 Qb6 20. Rb1 c5 21. 0-0 Qa5 22. f4 Qxa2 23. fxg5 hxg5 24. Nxd5 exd5 25. e6 fxe6 26. Bxb8 Nxb8 27. Qxg5 Nc6 28. Qf6 Be7 29. Qxh8+ Kd7 30. h6 cxd4 31. cxd4 Qb3 32. h7 Qe3+ 33. Rf2 Bh4 34. Qg7+ Ne7 35. Rbf1 c3 36. bxc3 1-0

[Event "HUN-chT2 Breyer 0809"]
[Site "Hungary"]
[Date "2009.02.08"]
[Round "7"]
[White "Torok, Adam"]
[Black "Furesz, Jozsef"]
[Result "1/2-1/2"]
[WhiteElo "2135"]
[BlackElo "2050"]
[PlyCount "65"]
[EventDate "2008.10.26"]
[EventType "tourn"]
[EventRounds "11"]
[EventCountry "HUN"]
[SourceTitle "EXT 2010"]
[Source "ChessBase"]
[SourceDate "2010.11.25"]
[SourceVersion "1"]
[SourceVersionDate "2010.11.25"]
[SourceQuality "1"]
[WhiteTeam "Vizugy"]
[BlackTeam "Turul"]
[WhiteTeamCountry "HUN"]
[BlackTeamCountry "HUN"]

1. c4 Nf6 2. Nc3 e6 3. e4 d5 4. e5 d4 5. exf6 dxc3 6. bxc3 Qxf6 7. d4 c5 8. Nf3 h6 9. Be2 Bd6 10. 0-0 0-0 11. Be3 b6 12. Ne5 Bb7 13. f4 Qe7 14. Bf3 Na6 15. Bxb7 Qxb7 16. Qh5 Rac8 17. Rae1 cxd4 18. cxd4 Nb4 19. Re2 Bxe5 20. fxe5 Qe4 21. Bxh6 Qh7 22. Rf6 gxf6 23. Re3 Qb1+ 24. Kf2 Qf5+ 25. Qxf5 exf5 26. exf6 Rfe8 27. Rg3+ Kh7 28. Bg7 f4 29. Rg5 Rxc4 30. h4 Nd3+ 31. Kg1 Rxd4 32. Rh5+ Kg6 33. Rg5+ 1/2-1/2

[Event "HUN-chT2 Breyer 0809"]
[Site "Hungary"]
[Date "2009.01.11"]
[Round "5"]
[White "Furesz, Jozsef"]
[Black "Finszter, Mate"]
[Result "0-1"]
[WhiteElo "2050"]
[BlackElo "2084"]
[PlyCount "149"]
[EventDate "2008.10.26"]
[EventType "tourn"]
[EventRounds "11"]
[EventCountry "HUN"]
[SourceTitle "EXT 2010"]
[Source "ChessBase"]
[SourceDate "2010.11.25"]
[SourceVersion "1"]
[SourceVersionDate "2010.11.25"]
[SourceQuality "1"]
[WhiteTeam "Turul"]
[BlackTeam "Gyor Komszomol"]
[WhiteTeamCountry "HUN"]
[BlackTeamCountry "HUN"]

1. d4 Nf6 2. c4 Nc6 3. Nf3 e6 4. Nc3 d6 5. e4 Be7 6. a3 a5 7. Bd3 e5 8. d5 Nb8 9. h3 c6 10. 0-0 0-0 11. Be3 Bd7 12. b4 Ne8 13. Qc2 g6 14. Na4 cxd5 15. cxd5 Bxa4 16. Qxa4 f5 17. Qc2 f4 18. Bd2 a4 19. Rfc1 g5 20. Qc8 Nd7 21. Qxb7 h5 22. Bb5 Nb6 23. Bxe8 Rxe8 24. Rc7 Rb8 25. Qc6 g4 26. hxg4 hxg4 27. Nxe5 dxe5 28. Qe6+ Kf8 29. Qh6+ Kf7 30. Qh7+ Kf8 31. Qh8+ Kf7 32. Qxe5 Nd7 33. Qe6+ Kf8 34. Rxd7 Qb6 35. d6 Qxf2+ 36. Kxf2 Bh4+ 37. Kf1 Rxe6 38. Bxf4 Rf6 39. Ke2 Rxf4 40. Kd3 Re8 41. Rd1 g3 42. Re1 Rf7 43. Rxf7+ Kxf7 44. Kd4 Ke6 45. e5 Rc8 46. Re4 Bd8 47. Kd3 Rc1 48. b5 Rb1 49. Kc4 Bb6 50. Rg4 Ba5 51. Rxg3 Kxe5 52. Rg5+ Ke4 53. Rg4+ Ke5 54. d7 Rc1+ 55. Kd3 Rc3+ 56. Ke2 Rxa3 57. Rg8 Ra2+ 58. Kf3 Rd2 59. Ra8 Bb6 60. Rxa4 Rd3+ 61. Kg4 Rxd7 62. Ra6 Rb7 63. Ra1 Bd4 64. Rb1 Kd5 65. Kf5 Rf7+ 66. Kg6 Rg7+ 67. Kf5 Rxg2 68. b6 Rf2+ 69. Kg4 Rf8 70. b7 Ba7 71. Ra1 Bb8 72. Rc1 Rf4+ 73. Kg5 Rb4 74. Kf5 Rxb7 75. Rd1+ 0-1

[Event "HUN-chT2 Breyer 0506"]
[Site "Hungary"]
[Date "2006.02.12"]
[Round "7"]
[White "Furesz, Jozsef"]
[Black "Szegi, Tamas"]
[Result "0-1"]
[WhiteElo "2077"]
[BlackElo "2216"]
[PlyCount "66"]
[EventDate "2005.10.16"]
[EventType "team-tourn"]
[EventRounds "11"]
[EventCountry "HUN"]
[SourceTitle "EXT 2009"]
[Source "ChessBase"]
[SourceDate "2008.11.26"]
[SourceVersion "1"]
[SourceVersionDate "2008.11.26"]
[SourceQuality "1"]
[WhiteTeam "Turul"]
[BlackTeam "Kisber Aszar"]
[WhiteTeamCountry "HUN"]
[BlackTeamCountry "HUN"]

1. d4 Nf6 2. c4 g6 3. Nc3 d5 4. cxd5 Nxd5 5. e4 Nxc3 6. bxc3 Bg7 7. Bb5+ c6 8. Ba4 0-0 9. Be3 c5 10. Ne2 Qa5 11. 0-0 Rd8 12. Bb3 Nc6 13. d5 Ne5 14. f4 Ng4 15. Qd2 e6 16. Rad1 exd5 17. Bxd5 Be6 18. Kh1 Bxd5 19. exd5 Nxe3 20. Qxe3 Qxa2 21. Qf3 Qc4 22. f5 Rd7 23. f6 Bxf6 24. Qxf6 Qxe2 25. Rde1 Qc4 26. d6 Rad8 27. Rf4 Qb5 28. h4 Qc6 29. Re7 Rxe7 30. Qxe7 Qxd6 31. Qxf7+ Kh8 32. Rf3 Qe5 33. Qxb7 Rd1+ 0-1

[Event "HUN-chT2 Breyer 0405"]
[Site "Hungary"]
[Date "2005.04.24"]
[Round "11"]
[White "Kalmar, Karoly"]
[Black "Furesz, Jozsef"]
[Result "1-0"]
[WhiteElo "2056"]
[BlackElo "2049"]
[PlyCount "146"]
[EventDate "2004.09.26"]
[EventType "team-tourn"]
[EventRounds "11"]
[EventCountry "HUN"]
[SourceTitle "EXT 2009"]
[Source "ChessBase"]
[SourceDate "2008.11.26"]
[SourceVersion "1"]
[SourceVersionDate "2008.11.26"]
[SourceQuality "1"]
[WhiteTeam "Dunaharaszti II"]
[BlackTeam "Turul"]
[WhiteTeamCountry "HUN"]
[BlackTeamCountry "HUN"]

1. d4 d5 2. Nf3 Nf6 3. e3 Bg4 4. Be2 e6 5. 0-0 Bd6 6. Nbd2 0-0 7. b3 Nbd7 8. Bb2 Qe7 9. a3 e5 10. dxe5 Nxe5 11. Nxe5 Bxe2 12. Qxe2 Bxe5 13. Bxe5 Qxe5 14. Nf3 Qe7 15. b4 c6 16. Qd3 Ne4 17. c4 Rfd8 18. c5 b6 19. Nd4 Rac8 20. cxb6 axb6 21. b5 cxb5 22. Nxb5 Rc4 23. Rac1 Nc5 24. Qb1 Rc8 25. Rxc4 dxc4 26. Qb4 Qe6 27. Nd4 Nd3 28. Qc3 Qf6 29. Nb5 h5 30. Qxf6 gxf6 31. Nc3 Ra8 32. a4 Kf8 33. Rb1 Nc5 34. Kf1 Nb3 35. Ke2 Ke8 36. Rd1 Nc5 37. e4 Nxa4 38. Nd5 Rc8 39. Kd2 f5 40. e5 b5 41. Kc2 Rc5 42. f4 Rc8 43. Rb1 Rb8 44. Nc7+ Ke7 45. Nxb5 f6 46. exf6+ Kxf6 47. Rb4 Nc5 48. Kc3 Ne4+ 49. Kxc4 Nd2+ 50. Kd3 Nf1 51. h3 Re8 52. Nc3 Re3+ 53. Kd4 Rg3 54. Nd5+ Ke6 55. Rb2 Ra3 56. Rb6+ Kd7 57. Rg6 Ng3 58. Ke5 h4 59. Rd6+ Kc8 60. Rc6+ Kd7 61. Rc7+ Kd8 62. Rc2 Ra4 63. Rc8+ Kxc8 64. Nb6+ Kd8 65. Nxa4 Ke7 66. Nb6 Kf7 67. Nd5 Kg7 68. Ke6 Kg6 69. Ne7+ Kh5 70. Nxf5 Ne2 71. Ke5 Nc3 72. Nd4 Nd1 73. Nc2 Nf2 1-0